LEADER 01164nam a2200241 i 4500 001 000000028558 003 CaOOAMICUS 005 20180830125448.0 008 180830s1819 it u000 u ita u 040 $aSeMil$bita 245 10$aInstitutiones ethicae christianae seu theologiae moralis usibus academicis adcommodatae ab Antonio Carolo Reyberger ... Tomulus 1. [-3.]. 250 $aEditio tertia, nil immutata. 260 $aViennae :$bApud Car. Ferdinandum Bek,$c1819. 300 $a3 v. ;$c8°. 650 4$aTeologia morale.$0(OLS)http://semarc/subject/91 650 4$aEtica cristiana.$0(OLS)http://semarc/subject/620 700 1 $aReyberger, Anton Karl.$0(OLS)http://semarc/name/12645 700 1 $aBeck, Karl Ferdinand,$c.$0(OLS)http://semarc/name/13051 774 0 $tTomulus 1.$g1$w()67891 774 0 $tTomulus 3.$g3$w()220810 774 0 $tTomulus 2.$g2$w()220811 996 $6245$aInstitutiones ethicae christianae seu theologiae moralis usibus academicis adcommodatae ab Antonio Carolo Reyberger ... Tomulus 1. [-3.]$9(OLS)http://semarc/title/38769 996 $6260$aViennae :$bApud Car. Ferdinandum Bek$9(OLS)http://semarc/publisher/37460 LEADER 00676nam a2200205 i 4500 001 000000231137 003 CaOOAMICUS 005 20140710000000.0 008 140710n it u000 u ita u 013 $a210040 040 $aSeMil$bita 245 10$a2. 300 $a311 p. 500 $aFondo card. Giovanni Colombo. 773 0 $tLettere di s. Paolo.$b12. ed. / interamente riv. dal sac. Giovanni Castoldi.$dMilano [etc.] : Àncora, stampa 1945.$w()30130 850 $aSeMil 852 $aSeMil$W1$xVenegono$y1$m3GC VI 65$j181483$B181483$CSeMilBibl$Z2$F192857 $8B 941 1 $a3 961 $aLascito: Colombo Card. Giovanni 996 $6245$a2$9(OLS)http://semarc/title/46889